Normal view
MARC view
- International style (Architecture)
Entry Topical Term
001 - CONTROL NUMBER
- control field: 31912
003 - CONTROL NUMBER IDENTIFIER
- control field: NUST
005 - DATE AND TIME OF LATEST TRANSACTION
- control field: 20201019100159.0
008 - FIXED-LENGTH DATA ELEMENTS
- fixed length control field: 201019|| aca||aabn | a|a d
040 ## - CATALOGING SOURCE
- Original cataloging agency: NUST
- Transcribing agency: NUST
150 ## - HEADING--TOPICAL TERM
- Topical term or geographic name entry element: International style (Architecture)
670 ## - SOURCE DATA FOUND
- Source citation: Work cat.: (NUST)69: Hays, K. Michael. 31910, Architecture's desire :, c2010.
